Cambios de estructura social e intervención. La Revolución Salvadoreña: momento actual /

में बचाया:
ग्रंथसूची विवरण
मुख्य लेखक: Salazar Valiente, Mario
स्वरूप: मूलपाठ
विषय:
टैग: टैग जोड़ें
कोई टैग नहीं, इस रिकॉर्ड को टैग करने वाले पहले व्यक्ति बनें!

MARC

LEADER 00000 a a2200000 04500
001 48920
003
040
100 |a Salazar Valiente, Mario  
245 |a Cambios de estructura social e intervención. La Revolución Salvadoreña: momento actual /  |c Mario Salazar Valiente  
650 |a REVOLUCION  
650 |2 Macrothesaurus de la OCDE  
650 |a CRISIS POLITICA  
650 |2 Macrothesaurus de la OCDE  
650 |a GUERRA  
650 |2 Macrothesaurus de la OCDE  
650 |a IMPERIALISMO  
650 |2 Macrothesaurus de la OCDE  
773 |g páginas 218-264  
999 |c 34938  |d 34938